[Event "Mare di Fano op 6th"]
[Site "Fano"]
[Date "2017.07.31"]
[Round "3"]
[White "D'Avino, Gianfranco"]
[Black "Vojtek, Vladimir"]
[Result "0-1"]
[WhiteElo "2102"]
[BlackElo "2271"]
[PlyCount "90"]
[EventDate "2017.07.29"]
[EventType "swiss"]
[EventRounds "9"]
[EventCountry "ITA"]
[SourceTitle "EXT 2018"]
[Source "ChessBase"]
[SourceDate "2017.10.13"]
[SourceVersion "1"]
[SourceVersionDate "2017.10.13"]
[SourceQuality "1"]

1. d4 e6 2. c4 f5 3. Nf3 Nf6 4. g3 d5 5. Bg2 Bd6 6. b3 c6 7. 0-0 Qe7 8. Ne5 0-0 9. Qc2 a5 10. Bb2 Na6 11. a3 Bd7 12. Nd2 b5 13. Ndf3 Rac8 14. c5 Bc7 15. Nd3 Be8 16. Nfe5 Nb8 17. Bc1 Kh8 18. Be3 Ng4 19. Bf4 g5 20. Nxg4 gxf4 21. Nge5 fxg3 22. hxg3 Qg7 23. Qd2 Nd7 24. Qe3 Nxe5 25. Nxe5 f4 26. gxf4 Qh6 27. Qh3 Qxf4 28. e3 Qf6 29. f4 Rg8 30. Kf2 Bxe5 31. dxe5 Qe7 32. b4 Bg6 33. Rh1 Ra8 34. Bf3 Bf5 35. Qh6 Rg6 36. Qh2 Rg7 37. Ke2 Ra6 38. Kf2 Qa7 39. Qh4 Qf7 40. bxa5 Qf8 41. Ke2 Rxa5 42. Rhc1 Rga7 43. Qe1 Qh6 44. Kd2 Qh2+ 45. Kc3 Rxa3+ 0-1

[Event "Venice Autumn op 23rd"]
[Site "Venice"]
[Date "2016.10.29"]
[Round "1"]
[White "Bouwens, Harko"]
[Black "D'Avino, Gianfranco"]
[Result "0-1"]
[WhiteElo "1972"]
[BlackElo "2157"]
[PlyCount "66"]
[EventDate "2016.10.29"]
[EventType "swiss"]
[EventRounds "6"]
[EventCountry "ITA"]
[SourceTitle "CBM 175 Extra"]
[Source "ChessBase"]
[SourceDate "2016.12.12"]
[SourceVersion "1"]
[SourceVersionDate "2016.12.12"]
[SourceQuality "1"]

1. e4 e6 2. g3 d5 3. e5 c5 4. Bg2 Nc6 5. f4 c4 6. b3 Qb6 7. bxc4 Bc5 8. Nh3 dxc4 9. Nc3 Nge7 10. Rb1 Qd8 11. Ne4 Qa5 12. Bb2 Nd5 13. Nd6+ Bxd6 14. exd6 Ne3 15. Bxc6+ bxc6 16. Qf3 Nxc2+ 17. Ke2 0-0 18. Ng5 f6 19. Bc3 Qd5 20. Ne4 e5 21. Kf2 Bf5 22. Rhe1 Nxe1 23. Rxe1 Rae8 24. g4 Bxe4 25. Qxe4 Qxd6 26. Qxc4+ Qd5 27. Qa4 exf4 28. Rxe8 Rxe8 29. Qxf4 Qxa2 30. g5 fxg5 31. Qxg5 Qf7+ 32. Kg3 h6 33. Qg4 Re6 0-1

[Event "EU-ch U16 26th"]
[Site "Prague"]
[Date "2016.08.20"]
[Round "3"]
[White "D'Avino, Gianfranco"]
[Black "Solc, Filip"]
[Result "1-0"]
[WhiteElo "2119"]
[BlackElo "1915"]
[PlyCount "69"]
[EventDate "2016.08.18"]
[EventType "swiss"]
[EventRounds "9"]
[EventCountry "CZE"]
[SourceTitle "CBM 174 Extra"]
[Source "ChessBase"]
[SourceDate "2016.10.10"]
[SourceVersion "1"]
[SourceVersionDate "2016.10.10"]
[SourceQuality "1"]

1. d4 Nf6 2. c4 c5 3. d5 e6 4. Nc3 exd5 5. cxd5 d6 6. e4 g6 7. f4 Bg7 8. Bb5+ Bd7 9. e5 dxe5 10. fxe5 Nh5 11. Nf3 0-0 12. 0-0 Bg4 13. Re1 a6 14. Bc4 b5 15. e6 Qb6 16. exf7+ Rxf7 17. Re8+ Bf8 18. Be2 Nf6 19. Re3 c4 20. Kh1 Nbd7 21. Ng5 Bxe2 22. Qxe2 Nc5 23. Nxf7 Kxf7 24. Qf2 b4 25. Re6 Qd8 26. Bg5 Nxe6 27. dxe6+ Kg7 28. Ne4 Be7 29. Rf1 Nxe4 30. Qf7+ Kh8 31. Bxe7 Qg8 32. Rf4 c3 33. Rxe4 Qxf7 34. exf7 cxb2 35. Bf6# 1-0

[Event "Robecchetto op-A 26th"]
[Site "Robecchetto"]
[Date "2015.07.25"]
[Round "2"]
[White "D'Avino, Gianfranco"]
[Black "Gilevich, Artem"]
[Result "0-1"]
[WhiteElo "2102"]
[BlackElo "2407"]
[PlyCount "63"]
[EventDate "2015.07.24"]
[EventType "swiss"]
[EventRounds "5"]
[EventCountry "ITA"]
[SourceTitle "EXT 2016"]
[Source "ChessBase"]
[SourceDate "2015.10.08"]
[SourceVersion "1"]
[SourceVersionDate "2015.10.08"]
[SourceQuality "1"]

1. d4 d5 2. c4 c6 3. Nf3 Nf6 4. Nc3 e6 5. Bg5 h6 6. Bxf6 Qxf6 7. e3 Nd7 8. Be2 g6 9. 0-0 Bg7 10. cxd5 exd5 11. b4 0-0 12. b5 Nb6 13. bxc6 bxc6 14. Rc1 Qd6 15. Na4 Re8 16. Nc5 Re7 17. a4 g5 18. a5 Nd7 19. Qc2 f5 20. Nxd7 Bxd7 21. Qc5 Qxc5 22. Rxc5 f4 23. Rb1 fxe3 24. Rb7 exf2+ 25. Kxf2 Rf7 26. Ke1 Be8 27. Ba6 Rf4 28. Rc7 Bf8 29. Bb7 Rd8 30. Rc2 Bb4+ 31. Kd1 g4 32. Ne5 0-1

[Event "Bergamo op 14th"]
[Site "Bergamo"]
[Date "2015.07.19"]
[Round "6"]
[White "D'Avino, Gianfranco"]
[Black "Formento, Paolo"]
[Result "0-1"]
[WhiteElo "2102"]
[BlackElo "2246"]
[PlyCount "71"]
[EventDate "2015.07.17"]
[EventType "swiss"]
[EventRounds "6"]
[EventCountry "ITA"]
[SourceTitle "CBM 167 Extra"]
[Source "ChessBase"]
[SourceDate "2015.09.14"]
[SourceVersion "1"]
[SourceVersionDate "2015.09.14"]
[SourceQuality "1"]

1. d4 Nf6 2. c4 e6 3. Nf3 c5 4. e3 cxd4 5. exd4 d5 6. Nc3 Be7 7. Be3 0-0 8. cxd5 Nxd5 9. Bc4 Nxc3 10. bxc3 Qc7 11. Qd3 Nd7 12. 0-0 b6 13. Rac1 Bb7 14. Bb3 Rad8 15. Qe2 Bd6 16. h3 Bf4 17. Rfd1 Nf6 18. c4 Bxe3 19. Qxe3 Rfe8 20. Ne5 Ne4 21. Ba4 Re7 22. Bc2 Nf6 23. f4 Kh8 24. g4 Ba8 25. Kh2 Qb7 26. Rd2 Nd7 27. f5 Qc7 28. Kg1 Nxe5 29. dxe5 Rxd2 30. Qxd2 Rd7 31. Qb4 Kg8 32. fxe6 Qc6 33. Kf2 Qg2+ 34. Ke1 Qg3+ 35. Kf1 Bg2+ 36. Ke2 0-1

[Event "Milan Crespi op-A 35th"]
[Site "Milan"]
[Date "2014.12.10"]
[Round "6"]
[White "Motola, Jacopo"]
[Black "D'Avino, Gianfranco"]
[Result "1-0"]
[WhiteElo "2069"]
[BlackElo "2137"]
[PlyCount "81"]
[EventDate "2014.12.06"]
[EventType "swiss"]
[EventRounds "9"]
[EventCountry "ITA"]
[SourceTitle "EXT 2016"]
[Source "ChessBase"]
[SourceDate "2015.10.08"]
[SourceVersion "1"]
[SourceVersionDate "2015.10.08"]
[SourceQuality "1"]

1. e4 d5 2. exd5 Nf6 3. Nf3 Nxd5 4. d4 e6 5. c4 Nf6 6. Nc3 c5 7. g3 b6 8. Bg2 Bb7 9. 0-0 cxd4 10. Nxd4 Bxg2 11. Kxg2 Bc5 12. Qf3 Nbd7 13. Nc6 Qc7 14. Bf4 Qb7 15. Nb5 Kf8 16. b4 Be7 17. Rfd1 a6 18. Bd6 Bxd6 19. Nxd6 Qc7 20. Ne5 Nxe5 21. Qxa8+ Ke7 22. Qb7 Qxb7+ 23. Nxb7 Nxc4 24. Rac1 Rb8 25. Rxc4 Rxb7 26. Rc8 Nd5 27. Rd4 Rd7 28. Rh8 h6 29. Rg8 e5 30. Rc4 g6 31. a3 Rd8 32. Rc8 Rxg8 33. Rxg8 Nc7 34. Rb8 b5 35. Rb6 e4 36. g4 Kd7 37. h4 Ke7 38. Kg3 Kd7 39. h5 Nd5 40. hxg6 fxg6 41. Rxg6 1-0

[Event "Milan Crespi op-A 35th"]
[Site "Milan"]
[Date "2014.12.09"]
[Round "5"]
[White "D'Avino, Gianfranco"]
[Black "Arigoni, Bruno"]
[Result "1-0"]
[WhiteElo "2137"]
[BlackElo "2029"]
[PlyCount "61"]
[EventDate "2014.12.06"]
[EventType "swiss"]
[EventRounds "9"]
[EventCountry "ITA"]
[SourceTitle "EXT 2016"]
[Source "ChessBase"]
[SourceDate "2015.10.08"]
[SourceVersion "1"]
[SourceVersionDate "2015.10.08"]
[SourceQuality "1"]

1. d4 Nf6 2. c4 e6 3. Nf3 Bb4+ 4. Nbd2 b6 5. e3 Bb7 6. a3 Bxd2+ 7. Qxd2 a5 8. b3 0-0 9. Be2 Ne4 10. Qc2 f5 11. 0-0 d6 12. Bb2 Nd7 13. d5 e5 14. Nd2 Nxd2 15. Qxd2 Nc5 16. Qc2 Qh4 17. f3 Qh6 18. Qc3 Rae8 19. Bd1 e4 20. Bc2 exf3 21. Rxf3 Ne4 22. Qd4 Bc8 23. Raf1 Rf6 24. Rf4 g5 25. Rxe4 Ref8 26. Re7 f4 27. exf4 gxf4 28. Rxf4 Qh4 29. Rg7+ Kh8 30. Rxh7+ Kg8 31. Rhxh4 1-0

[Event "Milan Crespi op-A 35th"]
[Site "Milan"]
[Date "2014.12.07"]
[Round "2"]
[White "D'Avino, Gianfranco"]
[Black "Goossens, Hanne"]
[Result "1/2-1/2"]
[WhiteElo "2137"]
[BlackElo "2090"]
[PlyCount "86"]
[EventDate "2014.12.06"]
[EventType "swiss"]
[EventRounds "9"]
[EventCountry "ITA"]
[SourceTitle "EXT 2016"]
[Source "ChessBase"]
[SourceDate "2015.10.08"]
[SourceVersion "1"]
[SourceVersionDate "2015.10.08"]
[SourceQuality "1"]

1. d4 Nf6 2. c4 e6 3. Nf3 c5 4. d5 exd5 5. cxd5 d6 6. Nc3 g6 7. e4 a6 8. a4 Bg4 9. Bf4 Bxf3 10. Qxf3 Bg7 11. Bc4 0-0 12. 0-0 Qe7 13. Rfe1 Nbd7 14. Qg3 Ne8 15. Bg5 f6 16. Bd2 Rb8 17. Ra3 Nc7 18. Rb3 Ne5 19. Bf1 b5 20. axb5 axb5 21. f4 Nc4 22. Bc1 Qd7 23. Nxb5 Na5 24. Ra3 Nxb5 25. Rxa5 Nd4 26. Ra6 f5 27. e5 dxe5 28. fxe5 Qxd5 29. Rd6 Qf7 30. Qc3 Nb5 31. Bc4 Nxc3 32. Bxf7+ Rxf7 33. bxc3 Re7 34. Rd5 Rbe8 35. Bf4 g5 36. Bxg5 Rxe5 37. Rexe5 Rxe5 38. Rxe5 Bxe5 39. c4 Kf7 40. Kf2 Ke6 41. h3 Bd6 42. Kf3 Bf8 43. Bf4 Be7 1/2-1/2

[Event "ITA-ch U14"]
[Site "Tarvisio"]
[Date "2014.07.05"]
[Round "9"]
[White "Lodici, Lorenzo"]
[Black "D'Avino, Gianfranco"]
[Result "1-0"]
[WhiteElo "2105"]
[BlackElo "1949"]
[PlyCount "57"]
[EventDate "2014.06.29"]
[EventType "swiss"]
[EventRounds "9"]
[EventCountry "ITA"]
[SourceTitle "EXT 2015"]
[Source "ChessBase"]
[SourceDate "2014.11.20"]
[SourceVersion "1"]
[SourceVersionDate "2014.11.20"]
[SourceQuality "1"]

1. d4 Nf6 2. c4 g6 3. Nc3 d5 4. cxd5 Nxd5 5. Bd2 Bg7 6. e4 Nb6 7. Be3 0-0 8. h3 f5 9. exf5 Bxf5 10. Nf3 Nc6 11. Qb3+ Kh8 12. d5 Ne5 13. Nxe5 Bxe5 14. Rd1 Qe8 15. Be2 Rd8 16. 0-0 Qf7 17. f4 Bg7 18. Bf3 e5 19. fxe5 Bxe5 20. Bc5 Rfe8 21. g4 Bc8 22. Bg2 Qg7 23. Ne4 h6 24. g5 h5 25. Nf6 Bxf6 26. gxf6 Qf7 27. Be7 Rxd5 28. Bxd5 Nxd5 29. Qxd5 1-0

[Event "Lombardia Region-ch"]
[Site "Saronno"]
[Date "2013.05.25"]
[Round "3"]
[White "D'Avino, Gianfranco"]
[Black "Sbarra, Marco"]
[Result "1/2-1/2"]
[WhiteElo "1851"]
[BlackElo "2263"]
[PlyCount "97"]
[EventDate "2013.05.24"]
[EventType "swiss"]
[EventRounds "5"]
[EventCountry "ITA"]
[SourceTitle "EXT 2015"]
[Source "ChessBase"]
[SourceDate "2014.11.20"]
[SourceVersion "1"]
[SourceVersionDate "2014.11.20"]
[SourceQuality "1"]

1. d4 Nf6 2. c4 e6 3. Nf3 d5 4. a3 c5 5. cxd5 exd5 6. Bg5 Nc6 7. Nc3 cxd4 8. Nxd4 Be7 9. e3 0-0 10. Be2 Ne5 11. 0-0 Be6 12. Rc1 Ng6 13. Qb3 Qd7 14. Rfd1 h6 15. Bxf6 Bxf6 16. Nxe6 fxe6 17. Nxd5 exd5 18. Rxd5 Qf7 19. Rc7 Ne7 20. Bc4 Kh8 21. Rd2 Qh5 22. Rxb7 Rad8 23. Rbd7 Rxd7 24. Rxd7 Nc6 25. Qb5 Qxb5 26. Bxb5 Rc8 27. g3 a5 28. Bxc6 Rxc6 29. b4 axb4 30. axb4 Rb6 31. Kg2 Rxb4 32. Rd2 Kh7 33. Rc2 Kg6 34. Rc5 Rb2 35. Rd5 Kf7 36. Rc5 Be7 37. Rd5 Ke6 38. Ra5 Rc2 39. Kf3 Bb4 40. Ra1 Kd5 41. Rd1+ Ke5 42. Rb1 Rc4 43. Rb2 h5 44. h3 g5 45. g4 h4 46. Rb1 Bc5 47. Rd1 Rc2 48. Re1 Bb4 49. Rb1 1/2-1/2

[Event "Milan Crespi op-B 33rd"]
[Site "Milan"]
[Date "2012.12.09"]
[Round "7"]
[White "D'Avino, Gianfranco"]
[Black "Dassisti, Alberto"]
[Result "1-0"]
[WhiteElo "1855"]
[BlackElo "1921"]
[PlyCount "83"]
[EventDate "2012.12.05"]
[EventType "swiss"]
[EventRounds "7"]
[EventCountry "ITA"]
[SourceTitle "EXT 2015"]
[Source "ChessBase"]
[SourceDate "2014.11.20"]
[SourceVersion "1"]
[SourceVersionDate "2014.11.20"]
[SourceQuality "1"]

1. d4 d5 2. c4 e6 3. Nc3 Nf6 4. cxd5 exd5 5. Bg5 Be7 6. Qc2 Nc6 7. e3 h6 8. Bh4 a6 9. a3 b5 10. Bxf6 Bxf6 11. Nxb5 Bb7 12. Nc3 Rb8 13. Bd3 0-0 14. Nge2 Re8 15. 0-0 Na7 16. Na4 c6 17. Nc5 Bc8 18. Bxa6 Bxa6 19. Nxa6 Rb5 20. Nb4 Qd7 21. Nc3 Rbb8 22. Na4 Bd8 23. Nc5 Qg4 24. Qd1 Qg6 25. Qf3 Ba5 26. Nbd3 Nc8 27. Ne5 Rxe5 28. dxe5 Rxb2 29. e4 Rb5 30. Rac1 Bb6 31. Na4 dxe4 32. Qh3 Ne7 33. Nxb6 Rxb6 34. Qd7 Nd5 35. Rc4 Kh7 36. h3 h5 37. g3 e3 38. Kh2 Qd3 39. Rcc1 e2 40. Rfe1 Qf3 41. Kg1 Ne3 42. Qd3+ 1-0

[Event "Milan Crespi op-B 33rd"]
[Site "Milan"]
[Date "2012.12.08"]
[Round "4"]
[White "Bonassi, Tommaso"]
[Black "D'Avino, Gianfranco"]
[Result "1-0"]
[WhiteElo "1944"]
[BlackElo "1855"]
[PlyCount "105"]
[EventDate "2012.12.05"]
[EventType "swiss"]
[EventRounds "7"]
[EventCountry "ITA"]
[SourceTitle "EXT 2015"]
[Source "ChessBase"]
[SourceDate "2014.11.20"]
[SourceVersion "1"]
[SourceVersionDate "2014.11.20"]
[SourceQuality "1"]

1. e4 e6 2. d4 d5 3. Nc3 Bb4 4. e5 c5 5. Qg4 Ne7 6. dxc5 Bxc3+ 7. bxc3 Qc7 8. Nf3 Qxc5 9. Bd2 Nbc6 10. Bd3 Bd7 11. 0-0 0-0-0 12. Rab1 f5 13. Qg3 Na5 14. Be3 Qc7 15. Bxa7 Nc4 16. Bxc4 Qxc4 17. Bb6 Rdg8 18. Nd4 g5 19. Rb3 f4 20. Qf3 h5 21. Ra3 Kb8 22. Rb1 Nc6 23. Nb5 Nxe5 24. Bc7+ Qxc7 25. Ra8+ Kxa8 26. Nxc7+ Kb8 27. Qe2 Kxc7 28. Qxe5+ Kc8 29. a4 Rh6 30. a5 Rhg6 31. a6 b5 32. a7 Kb7 33. Qd6 Bc6 34. Ra1 Ra8 35. Qe7+ Kb6 36. Qf7 Be8 37. Qf8 Bc6 38. Qd6 Kb7 39. Kf1 Kb6 40. Ke1 Kb7 41. Kd1 Kb6 42. Kc1 Kb7 43. Kb2 Kb6 44. Kb3 Kb7 45. Kb4 Kb6 46. Qc5+ Kb7 47. Qe7+ Kb6 48. Qd6 h4 49. Qb8+ Bb7 50. Ra5 Rg7 51. Qd6+ Bc6 52. Rxb5+ Kxa7 53. Qxc6 1-0